000 00643nam a2200241Ia 4500
003 OSt
005 20220924125235.0
006 a|||||r|||| 00| 0
007 ta
008 220923b |||||||| |||| 00| 0 mar d
024 _a266494
037 _cTextual
040 _aARTS
_cARTS
_bmar
041 _2mar
_amar
082 _aO15,1D40,1, 155L5
100 _aGomish Oalivhinn
_9197889
245 0 _aMeghdut
260 _aPune
_bShri Prakashan India
_c1975
300 _a58p.
_ccm.
650 _aMARATHI LITERATURE
_938000
942 _hO15,1D40,1, 155L5
_cTEXL
_2CC
999 _c422223
_d422223